banner-ar

الاثار الايجابية والسلبية لالغاء الدعم على المستوى الاقتصادى والاجتماعى والسياسى / (Record no. 65326)

MARC details
000 -الفاتح
حقل البيانات ثابتة الطول 01349nam a22002897a 4500
005 - وقت وتاريخ اخر تعامل مع التسجيلة
رقم الضبط 20240530110819.0
008 - عناصر البيانات ثابتة الطول - معلومات عامة
حقل البيانات ثابتة الطول 190708s2019 ua g b 00| 0 ara d
017 ## - رقم الايداع القانونى
رقم الايداع القانونى 9430
المصدر ( الهيئة المختصة) مصر. دار الكتب
020 ## - الرقم الدولى المعيارى للكتب
الرقم الدولى المعيارى للكتاب 9789777332521
040 ## - مصدر الفهرسة
وكالة الفهرسة الأصلية EG-CaGPL
وكالة النسخ EG-CaGPL
082 ## - رقم تصنيف ديوى العشرى
رقم الطبعة 21
رقم التصنيف 338.526 /
رقم المادة ع أ
100 0# - المدخل الرئيسى - إسم شخصى
الإسم الشخصى على سيد اسماعيل
245 12 - بيان العنوان
العنوان الاثار الايجابية والسلبية لالغاء الدعم على المستوى الاقتصادى والاجتماعى والسياسى /
بيان المسئوليه,etc على سيد اسماعيل
260 ## - PUBLICATION, DISTRIBUTION, ETC. (IMPRINT)
تاريخ النشر أو التوزيع 2019.
300 ## - الوصف المادى
التعداد 123 ص. ؛
أبعاد الوعاء 24 سم.
500 ## - تبصرة عامة
تبصرة عامة الكتاب الفائز بالجائزة الاولى لمركز صالح كامل للاقتصاد الاسلامى جامعة الازهر - القاهرة 2014م
504 ## - تبصرة ببليوجرافية
تبصرة ببليوجرافية,الخ يشتمل على ارجاعات ببليوجرافية
650 07 - المدخل الاضافى بالموضوع-مصطلح موضوعى
مصدر الرأس أو المصطلح qrmak
مصطلح موضوعي الدعم الحكومى
650 07 - المدخل الاضافى بالموضوع-مصطلح موضوعى
مصدر الرأس أو المصطلح qrmak
مصطلح موضوعي الاسعار
650 07 - المدخل الاضافى بالموضوع-مصطلح موضوعى
مصدر الرأس أو المصطلح qrmak
مصطلح موضوعي السلع
651 ## - المدخل الاضافى بالموضوع - اسم جغرافى
مصدر الرأس أو المصطلح qrmak
653 #0 - مصطلح تكشيفى غير مقيد
مصطلح غير مقيد الغاء الدعم - التاثير الاقتصادى
653 #0 - مصطلح تكشيفى غير مقيد
مصطلح غير مقيد الغاء الدعم - التاثير الاجتماعى
653 #0 - مصطلح تكشيفى غير مقيد
مصطلح غير مقيد الغاء الدعم - التاثير السياسى
942 ## - عناصر المدخل الإضافي( كوها)
مصدر التصنيف او مخطط الترفيف Dewey Decimal Classification
Koha [default] item type كتاب
260 ## - PUBLICATION, DISTRIBUTION, ETC. (IMPRINT)
-- الاسكندرية :
-- دار التعليم الجامعى،
Holdings
حالة التراجع حالة الفقد حالة تلف ليس للاعارة المكان المؤقت الموقع الحالى موقع الترفيف تاريخ الاكتساب اجمالي اﻻعارات رقم الطلب الباركود تاريخ اخر مشاهدة تاريخ تفعيل السعر نوع وعاء كوها
        مكتبة القاهرة الكبرى مكتبة القاهرة الكبرى القاعة الرئيسية 07/08/2019   338.526 / ع أ 166044 07/08/2019 07/08/2019 كتاب

Powered By

EGPV